[Event "Mukachevo Rating - 33"]
[Site "Mukachevo"]
[Date "2017.03.30"]
[Round "6.3"]
[White "Kagramanianz, Vartan"]
[Black "Skliarov, Viktor"]
[Result "0-1"]
[WhiteElo "2292"]
[BlackElo "2379"]
[PlyCount "110"]
[EventDate "2017.03.27"]
[EventType "tourn"]
[EventRounds "9"]
[EventCountry "UKR"]

1. d4 Nf6 2. Nf3 g6 3. Bf4 Bg7 4. e3 O-O 5. Be2 d6 6. h3 c5 7. c3 Qb6 8. Qb3
Be6 9. Qxb6 axb6 10. a3 cxd4 11. exd4 Nd5 12. Bc1 Nc7 13. Bg5 Nc6 14. Nbd2 b5
15. O-O h6 16. Bh4 f5 17. Bg3 Bf7 18. Rfd1 Na5 19. h4 Rfc8 20. Ne1 Nc4 21. Nxc4
bxc4 22. f4 Nd5 23. Nc2 Ra5 24. Kf2 Nf6 25. Bf3 Ne4+ 26. Bxe4 fxe4 27. Ke3 g5
28. hxg5 hxg5 29. Rh1 Rf8 30. Nb4 Bg6 31. d5 Rf5 32. Rad1 Ra8 33. Rh2 Raf8 34.
fxg5 Rxg5 35. Bf4 Rg4 36. g3 Be5 37. Bxe5 dxe5 38. d6 Rxg3+ 39. Ke2 exd6 40.
Rxd6 e3 41. Rxg6+ Rxg6 42. Kxe3 Rf4 43. Nd5 Rg3+ 44. Ke2 Rf7 45. a4 Kg7 46. Ne3
Rf4 47. Kd2 Kg8 48. Re2 Re4 49. a5 Kf7 50. Rf2+ Ke6 51. Nf5 Rd3+ 52. Kc2 Rf4
53. Ng7+ Kf7 54. Rg2 Rh3 55. Rg5 Rh2+ 0-1

[Event "Mukachevo Rating - 33"]
[Site "Mukachevo"]
[Date "2017.03.30"]
[Round "6.4"]
[White "Ganze, Laszlo"]
[Black "Matviishen, Viktor"]
[Result "0-1"]
[WhiteElo "2020"]
[BlackElo "2405"]
[PlyCount "78"]
[EventDate "2017.03.27"]
[EventType "tourn"]
[EventRounds "9"]
[EventCountry "UKR"]

1. d4 Nf6 2. Nf3 e6 3. g3 b6 4. Bg2 Bb7 5. O-O c5 6. Bg5 h6 7. Bxf6 Qxf6 8. c3
d5 9. Re1 Nc6 10. e4 dxe4 11. Rxe4 O-O-O 12. Rf4 Qe7 13. Qa4 g5 14. Re4 Qd7 15.
Re1 g4 16. Nh4 cxd4 17. Na3 Na5 18. Qxd4 Qxd4 19. cxd4 Bxa3 20. Bxb7+ Kxb7 21.
bxa3 Rxd4 22. Ng2 Nc4 23. Red1 Rhd8 24. Rxd4 Rxd4 25. a4 Ne5 26. a5 b5 27. Ne3
Ra4 28. Rb1 a6 29. Rb2 Rxa5 30. Re2 Ra4 31. Kg2 Re4 32. Rd2 a5 33. Rd8 b4 34.
Rd2 a4 35. Rb2 Kb6 36. Nd1 Nd3 37. Nc3 Nxb2 38. Nxe4 Nc4 39. Kf1 f5 0-1

[Event "Mukachevo Rating - 33"]
[Site "Mukachevo"]
[Date "2017.03.30"]
[Round "6.5"]
[White "Tiba, Vladyslav"]
[Black "Oros, Robert"]
[Result "0-1"]
[WhiteElo "2302"]
[BlackElo "2230"]
[PlyCount "70"]
[EventDate "2017.03.27"]
[EventType "tourn"]
[EventRounds "9"]
[EventCountry "UKR"]

1. e4 e5 2. Nf3 Nf6 3. Nxe5 d6 4. Nf3 Nxe4 5. Nc3 Nf6 6. d4 Be7 7. Bd3 O-O 8.
h3 Re8 9. O-O Nbd7 10. Re1 Nf8 11. d5 c6 12. a4 Bd7 13. Bf1 Nxd5 14. Nxd5 cxd5
15. Qxd5 Bc6 16. Qd1 Ne6 17. Be3 Qd7 18. a5 Bf6 19. c3 Qc7 20. Be2 b6 21. axb6
axb6 22. Qb3 Nc5 23. Qb4 h6 24. Red1 Rxa1 25. Rxa1 Qb7 26. Qf4 Be5 27. Qg4 Re6
28. Nxe5 dxe5 29. Bc4 Rf6 30. Rd1 Kh7 31. Rd8 Bxg2 32. Bxc5 Rg6 33. Rd7 Qxd7
34. Qxd7 Bxh3+ 35. Kh2 Bxd7 0-1

[Event "Mukachevo Rating - 33"]
[Site "Mukachevo"]
[Date "2017.03.30"]
[Round "7.1"]
[White "Oros, Robert"]
[Black "Shkuran, Danylo"]
[Result "1/2-1/2"]
[WhiteElo "2230"]
[BlackElo "2452"]
[PlyCount "93"]
[EventDate "2017.03.27"]
[EventType "tourn"]
[EventRounds "9"]
[EventCountry "UKR"]

1. e4 c5 2. Nf3 e6 3. d3 Nc6 4. g3 Nf6 5. Bg2 d5 6. Nbd2 Be7 7. O-O O-O 8. Re1
Qc7 9. c3 b5 10. Nf1 Ba6 11. e5 Nd7 12. Bf4 b4 13. Ne3 bxc3 14. bxc3 Qa5 15. c4
dxc4 16. Nxc4 Bxc4 17. dxc4 Rad8 18. Qb1 Nd4 19. Qe4 Nxf3+ 20. Bxf3 Nb6 21. Be3
Qa3 22. Be2 Rd7 23. Qc2 h6 24. Rab1 Bg5 25. Bf1 Bxe3 26. Rxe3 Qa6 27. Rb5 Rfd8
28. Rxc5 Rd2 29. Qe4 Qxa2 30. Re2 Rxe2 31. Qxe2 Qxe2 32. Bxe2 Rc8 33. Rxc8+
Nxc8 34. c5 Kf8 35. Ba6 Ne7 36. f4 Nd5 37. Kf2 Ke7 38. Ke2 f6 39. exf6+ gxf6
40. Bc4 Nc3+ 41. Kd3 Na4 42. Kd4 e5+ 43. fxe5 fxe5+ 44. Kxe5 Nxc5 45. Kf5 Nd7
46. Bb5 Nf8 47. Ke4 1/2-1/2

[Event "Mukachevo Rating - 33"]
[Site "Mukachevo"]
[Date "2017.03.30"]
[Round "7.3"]
[White "Skliarov, Viktor"]
[Black "Ganze, Laszlo"]
[Result "1-0"]
[WhiteElo "2379"]
[BlackElo "2020"]
[PlyCount "41"]
[EventDate "2017.03.27"]
[EventType "tourn"]
[EventRounds "9"]
[EventCountry "UKR"]

1. e4 c5 2. Nf3 d6 3. d4 cxd4 4. Qxd4 Nc6 5. Bb5 Bd7 6. Bxc6 bxc6 7. c4 c5 8.
Qd3 e5 9. Nc3 Be7 10. O-O Nf6 11. Bg5 O-O 12. Bxf6 gxf6 13. Nd5 Be6 14. Rfd1
Bxd5 15. Qxd5 Qb6 16. b3 Rfd8 17. Nh4 Bf8 18. Nf5 Rac8 19. Rd3 Rc7 20. Rh3 Qc6
21. Qd1 1-0

[Event "Mukachevo Rating - 33"]
[Site "Mukachevo"]
[Date "2017.03.30"]
[Round "7.4"]
[White "Vachylya, Andriy"]
[Black "Kagramanianz, Vartan"]
[Result "1/2-1/2"]
[WhiteElo "2231"]
[BlackElo "2292"]
[PlyCount "30"]
[EventDate "2017.03.27"]
[EventType "tourn"]
[EventRounds "9"]
[EventCountry "UKR"]

1. e4 e6 2. d4 d5 3. exd5 exd5 4. Nf3 Nf6 5. Bd3 Bd6 6. O-O O-O 7. Bg5 Bg4 8.
Nbd2 c6 9. c3 Nbd7 10. Qb3 Qb6 11. Qxb6 axb6 12. Rfe1 Rfe8 13. Rxe8+ Rxe8 14.
Re1 Rxe1+ 15. Nxe1 Bh5 1/2-1/2

[Event "Mukachevo Rating - 33"]
[Site "Mukachevo"]
[Date "2017.03.30"]
[Round "7.5"]
[White "Boricsev, Oleg"]
[Black "Sevostianov, Pavel"]
[Result "1/2-1/2"]
[WhiteElo "2343"]
[BlackElo "2248"]
[PlyCount "40"]
[EventDate "2017.03.27"]
[EventType "tourn"]
[EventRounds "9"]
[EventCountry "UKR"]

1. e4 e5 2. Nf3 Nc6 3. Bc4 Bc5 4. c3 Nf6 5. d4 exd4 6. cxd4 Bb4+ 7. Nc3 Nxe4 8.
O-O Nxc3 9. bxc3 Be7 10. Re1 d5 11. Bd3 O-O 12. h3 Be6 13. Bf4 Qd7 14. Rb1 b6
15. Qd2 Bd6 16. Bxd6 Qxd6 17. Re2 h6 18. Rbe1 Rfe8 19. Bb5 f6 20. a4 Bf7
1/2-1/2

[Event "Mukachevo Rating - 33"]
[Site "Mukachevo"]
[Date "2017.03.31"]
[Round "8.1"]
[White "Shkuran, Danylo"]
[Black "Sevostianov, Pavel"]
[Result "1/2-1/2"]
[WhiteElo "2452"]
[BlackElo "2248"]
[PlyCount "38"]
[EventDate "2017.03.27"]
[EventType "tourn"]
[EventRounds "9"]
[EventCountry "UKR"]

1. e4 d6 2. d4 Nf6 3. Nc3 e5 4. dxe5 dxe5 5. Qxd8+ Kxd8 6. Bg5 Be6 7. O-O-O+
Nbd7 8. a3 Bd6 9. f3 a6 10. Nd5 Bxd5 11. Rxd5 h6 12. Bxf6+ Nxf6 13. Rd1 Ke7 14.
Bc4 Rad8 15. Ne2 Bc5 16. c3 Nh5 17. Rxd8 Rxd8 18. Rd1 Rxd1+ 19. Kxd1 Nf6
1/2-1/2

[Event "Mukachevo Rating - 33"]
[Site "Mukachevo"]
[Date "2017.03.31"]
[Round "8.2"]
[White "Kagramanianz, Vartan"]
[Black "Boricsev, Oleg"]
[Result "1/2-1/2"]
[WhiteElo "2292"]
[BlackElo "2343"]
[PlyCount "37"]
[EventDate "2017.03.27"]
[EventType "tourn"]
[EventRounds "9"]
[EventCountry "UKR"]

1. e4 e6 2. d4 d5 3. exd5 exd5 4. Nf3 Nf6 5. c4 c6 6. Nc3 Be7 7. Bd3 O-O 8. O-O
Bg4 9. h3 Bh5 10. Bf4 dxc4 11. Bxc4 Nbd7 12. Rc1 Nb6 13. Bd3 Nbd5 14. Nxd5 Nxd5
15. Bg3 Bg6 16. Bxg6 hxg6 17. Re1 Bf6 18. Ne5 Re8 19. a3 1/2-1/2

[Event "Mukachevo Rating - 33"]
[Site "Mukachevo"]
[Date "2017.03.31"]
[Round "8.3"]
[White "Ganze, Laszlo"]
[Black "Vachylya, Andriy"]
[Result "0-1"]
[WhiteElo "2020"]
[BlackElo "2231"]
[PlyCount "92"]
[EventDate "2017.03.27"]
[EventType "tourn"]
[EventRounds "9"]
[EventCountry "UKR"]

1. d4 Nf6 2. Nf3 g6 3. Bf4 Bg7 4. e3 O-O 5. Nbd2 d6 6. h3 Nbd7 7. Bd3 c5 8. c3
Re8 9. Qc2 e5 10. Bg5 b6 11. d5 Qc7 12. e4 a6 13. a4 Rb8 14. c4 Nh5 15. g3 Nf8
16. Nf1 Bd7 17. g4 Nf4 18. Ne3 f5 19. gxf5 gxf5 20. Kd2 b5 21. axb5 axb5 22. b3
bxc4 23. Bxc4 Kh8 24. Nh4 fxe4 25. Qxe4 N8g6 26. Nhf5 Bxf5 27. Nxf5 Rf8 28. h4
Qd7 29. Nxg7 Qxg7 30. Rag1 Qf7 31. f3 Ne7 32. Bh6 Rg8 33. Rg5 Qf6 34. Rxg8+
Rxg8 35. Bg5 Qf7 36. Ra1 h6 37. Bxf4 Qxf4+ 38. Qxf4 exf4 39. Ra7 Nf5 40. Bd3
Rg2+ 41. Kc3 Nxh4 42. Rh7+ Kg8 43. Rxh6 Nxf3 44. Rxd6 Ne5 45. Rd8+ Kf7 46. d6
Rg3 0-1

[Event "Mukachevo Rating - 33"]
[Site "Mukachevo"]
[Date "2017.03.31"]
[Round "8.4"]
[White "Tiba, Vladyslav"]
[Black "Skliarov, Viktor"]
[Result "0-1"]
[WhiteElo "2302"]
[BlackElo "2379"]
[PlyCount "96"]
[EventDate "2017.03.27"]
[EventType "tourn"]
[EventRounds "9"]
[EventCountry "UKR"]

1. e4 c5 2. Nf3 Nc6 3. Bb5 g6 4. Bxc6 bxc6 5. O-O Bg7 6. Re1 Nh6 7. c3 O-O 8.
h3 f5 9. e5 Nf7 10. d4 Qb6 11. Nbd2 cxd4 12. cxd4 c5 13. Nc4 Qa6 14. b3 cxd4
15. Nxd4 e6 16. a4 Bb7 17. Ba3 Rfc8 18. Nb5 Bd5 19. Ncd6 Nxd6 20. Nxd6 Rc3 21.
b4 Qb6 22. a5 Qd8 23. Qd2 Rb3 24. Qf4 Rd3 25. h4 h6 26. Red1 Rb3 27. Rxd5 exd5
28. Qd4 Kh7 29. Qxd5 Qg8 30. Qd4 Qe6 31. f4 g5 32. hxg5 hxg5 33. Bc1 Kg6 34.
Be3 Rh8 35. g4 Rf8 36. gxf5+ Rxf5 37. Nxf5 Qxf5 38. Kf2 Rd3 39. Qc4 Bxe5 40.
Qg8+ Bg7 41. Rg1 g4 42. Qe8+ Kh7 43. Rh1+ Bh6 44. Qe7+ Kg6 45. Qe8+ Kh7 46. Rh5
g3+ 47. Kxg3 Rxe3+ 48. Qxe3 Qxh5 0-1

[Event "Mukachevo Rating - 33"]
[Site "Mukachevo"]
[Date "2017.03.31"]
[Round "8.5"]
[White "Oros, Robert"]
[Black "Matviishen, Viktor"]
[Result "1/2-1/2"]
[WhiteElo "2230"]
[BlackElo "2405"]
[PlyCount "70"]
[EventDate "2017.03.27"]
[EventType "tourn"]
[EventRounds "9"]
[EventCountry "UKR"]

1. e4 e5 2. Nf3 Nc6 3. d4 exd4 4. Bc4 Nf6 5. e5 d5 6. Bb5 Ne4 7. Nxd4 Bd7 8.
Bxc6 bxc6 9. O-O g6 10. f3 Nc5 11. Be3 Ne6 12. c3 Qb8 13. Qc2 c5 14. Nxe6 Bxe6
15. Nd2 c4 16. Rae1 Qb5 17. f4 c5 18. f5 gxf5 19. Nf3 Rg8 20. Nh4 Rb8 21. Bc1
d4 22. Nxf5 Qd7 23. Ng3 d3 24. Qf2 Be7 25. Ne4 Qd5 26. Nf6+ Bxf6 27. exf6 Kd7
28. Bf4 d2 29. Rd1 Rxb2 30. Rxd2 Rxd2 31. Qxd2 Qxd2 32. Bxd2 Rb8 33. Be3 Rb2
34. Rf2 Rb1+ 35. Rf1 Rb2 1/2-1/2

[Event "Mukachevo Rating - 33"]
[Site "Mukachevo"]
[Date "2017.03.31"]
[Round "9.1"]
[White "Matviishen, Viktor"]
[Black "Shkuran, Danylo"]
[Result "1/2-1/2"]
[WhiteElo "2405"]
[BlackElo "2452"]
[PlyCount "40"]
[EventDate "2017.03.27"]
[EventType "tourn"]
[EventRounds "9"]
[EventCountry "UKR"]

1. d4 d5 2. c4 c6 3. cxd5 cxd5 4. Nc3 Nf6 5. Bf4 e6 6. e3 a6 7. Bd3 Bd6 8. Bxd6
Qxd6 9. Nf3 Nc6 10. O-O O-O 11. a3 e5 12. dxe5 Nxe5 13. Be2 Be6 14. Nxe5 Qxe5
15. Qd4 Qxd4 16. exd4 Rac8 17. Rac1 Rc6 18. Na2 Rfc8 19. Rxc6 Rxc6 20. Rc1
Rxc1+ 1/2-1/2

[Event "Mukachevo Rating - 33"]
[Site "Mukachevo"]
[Date "2017.03.31"]
[Round "9.2"]
[White "Skliarov, Viktor"]
[Black "Oros, Robert"]
[Result "0-1"]
[WhiteElo "2379"]
[BlackElo "2230"]
[PlyCount "110"]
[EventDate "2017.03.27"]
[EventType "tourn"]
[EventRounds "9"]
[EventCountry "UKR"]

1. e4 c5 2. Nf3 Nc6 3. Bb5 d6 4. d4 cxd4 5. Qxd4 Bd7 6. Bxc6 Bxc6 7. Nc3 Nf6 8.
Bg5 e6 9. O-O-O Be7 10. Rhe1 Qa5 11. Kb1 O-O 12. Qd2 Qc7 13. Nd4 Rfd8 14. f4 h6
15. h4 Rac8 16. Bxf6 Bxf6 17. g4 Qb6 18. g5 Bxd4 19. Qxd4 Qxd4 20. Rxd4 hxg5
21. fxg5 g6 22. Red1 Kg7 23. e5 d5 24. Rf4 Rh8 25. Rdf1 Rc7 26. R1f2 Be8 27.
Ne2 Kf8 28. Nd4 Ke7 29. c3 Rh7 30. Kc2 Ba4+ 31. Kd3 a6 32. Nf5+ exf5 33. Rxa4
Ke6 34. Re2 Rc4 35. Rxc4 dxc4+ 36. Kxc4 Rxh4+ 37. Kc5 f4 38. Kb6 f3 39. Rf2 Rh3
40. Kxb7 Kxe5 41. Kxa6 Ke4 42. b4 Ke3 43. Rf1 f2 44. b5 f6 45. b6 fxg5 46. b7
Rh8 47. c4 g4 48. Rxf2 Kxf2 49. c5 g3 50. c6 g2 51. c7 g1=Q 52. c8=Q Qa1 53.
b8=Q Qxa2+ 54. Kb7 Qb3+ 55. Ka7 Qxb8+ 0-1

[Event "Mukachevo Rating - 33"]
[Site "Mukachevo"]
[Date "2017.03.31"]
[Round "9.3"]
[White "Vachylya, Andriy"]
[Black "Tiba, Vladyslav"]
[Result "1/2-1/2"]
[WhiteElo "2231"]
[BlackElo "2302"]
[PlyCount "23"]
[EventDate "2017.03.27"]
[EventType "tourn"]
[EventRounds "9"]
[EventCountry "UKR"]

1. e4 e5 2. Nf3 Nc6 3. Bb5 a6 4. Ba4 Nf6 5. O-O b5 6. Bb3 Be7 7. c3 d6 8. Re1
O-O 9. h3 Re8 10. Ng5 Rf8 11. Nf3 Re8 12. Ng5 1/2-1/2

[Event "Mukachevo Rating - 33"]
[Site "Mukachevo"]
[Date "2017.03.31"]
[Round "9.5"]
[White "Sevostianov, Pavel"]
[Black "Kagramanianz, Vartan"]
[Result "1/2-1/2"]
[WhiteElo "2248"]
[BlackElo "2292"]
[PlyCount "27"]
[EventDate "2017.03.27"]
[EventType "tourn"]
[EventRounds "9"]
[EventCountry "UKR"]

1. Nf3 Nf6 2. d4 d5 3. g3 c6 4. Bg2 Bf5 5. O-O e6 6. Nbd2 h6 7. c4 Be7 8. b3
O-O 9. Bb2 Nbd7 10. Re1 Ne4 11. Nxe4 Bxe4 12. Nd2 Bxg2 13. Kxg2 Nf6 14. e3
1/2-1/2